Word Ladder: Mystery Theme V Quiz Stats

 Plays Quiz Updated Mar 15, 2012

Challenge
Share
Tweet
Embed
Score 0/30 Timer 03:00
1 Play Today
Word % Correct
• SAND •
94.6%
• COPY •
94.4%
NETS
94.3%
COPS
93.9%
CORE
93.7%
BAND
93.2%
• NEWS •
93.1%
MILE
89.1%
SANE
88.9%
CORY
87.3%
• MILL •
87.2%
MALE
86.6%
• NOTE •
86.2%
BANS
85.1%
SALE
84.2%
Word % Correct
SAIL
84.1%
SAID
83.4%
WILL
82%
WAIL
81.7%
• WALL •
80.4%
NOTS
76.9%
SLIP
76.3%
SLID
74.5%
COPE
74.5%
COGS
72%
NOPE
71.4%
• BAGS •
71.1%
BOGS
70.8%
• CLIP •
62.7%
✉ PAPER ✉
28.9%

Today's Daily Dose

Missing Word
Hayao Miyazaki

Word Ladder
Florida

On This Day
December 13th II

You're not logged in!

Compare scores with friends on all Sporcle quizzes.
OR
Log In

You Might Also Like...

Show Comments

Extras

Top Quizzes Today


Score Distribution

Your Account Isn't Verified!

In order to create a playlist on Sporcle, you need to verify the email address you used during registration. Go to your Sporcle Settings to finish the process.

Report this User

Report this user for behavior that violates our Community Guidelines.

Details: